Kit #4 Heridas por quemaduras (Registro nro. 12124)
[ vista simple ]
| 000 -LÍDER | |
|---|---|
| fixed length control field | 00414nom a22001337a 4500 |
| 005 - FECHA DE ÚLTIMA TRANSACCION | |
| control field | 20220609154529.0 |
| 008 - ELEMENTOS DE DATOS - INFORMACIÓN GENERAL | |
| fixed length control field | 190712b xxu||||| |||| 00| 0 spa d |
| 041 ## - CÓDIGO DE LENGUAJE | |
| Código de idioma de texto / pista de sonido o título separado | spa |
| 245 ## - TÍTULO | |
| Título | Kit #4 Heridas por quemaduras |
| 500 ## - NOTA GENERAL | |
| Nota general | Contiene 5 heridas por quemaduras.<br/><br/>Se prestan para el mismo día, hasta las 7:50 pm |
| 650 ## - ASIENTO SECUNDARIO DE MATERIA - TÉRMINO DE MATERIA | |
| Término temático | MODELOS ANATÓMICOS |
| 650 ## - ASIENTO SECUNDARIO DE MATERIA - TÉRMINO DE MATERIA | |
| Término temático | HERIDAS POR QUEMADURAS |
| 942 ## - AÑADIDO ENTRADA ELEMENTOS ( Koha ) | |
| Koha tipo de ítem | Modelo Anatómico |
| Withdrawn status | Estado | Estado físico | Not for loan | Precio de compra | Total Checkouts | Clasificación | Número de inscripción | Date last seen | Price effective from | Tipo de ítem | Date checked out |
|---|---|---|---|---|---|---|---|---|---|---|---|
| 848595.00 | Kit #4 | Kit#4 | 12/07/2019 | 12/07/2019 | Modelo Anatómico | ||||||
| Cara quemada | QM01 | 12/07/2019 | 12/07/2019 | Modelo Anatómico | |||||||
| Pecho quemado | QM02 | 12/07/2019 | 12/07/2019 | Modelo Anatómico | |||||||
| Espalda quemada | QM03 | 12/07/2019 | 12/07/2019 | Modelo Anatómico | |||||||
| 1 | Mano quemada | QM04 | 19/07/2024 | 12/07/2019 | Modelo Anatómico | 19/07/2024 | |||||
| 2 | Antebrazo quemado | QM05 | 19/07/2024 | 12/07/2019 | Modelo Anatómico | 19/07/2024 |